Labor del último decenio / Diputación Provincial de Barcelona, Obras Públicas
Descripción Física:
59 p. : principalment il. ; 20 cm
MARC
| LEADER | 00000nam a2200000Ia 4500 | ||
|---|---|---|---|
| 001 | 8261 | ||
| 003 | BGR | ||
| 005 | 20260324175213.0 | ||
| 008 | 160829s1958 xx 000 0 cat d | ||
| 080 | |a C-2-122 | ||
| 110 | 1 | |a Barcelona (Catalunya : Província). |b Diputació |b Servei d'Obres Públiques |9 52408 | |
| 245 | |a Labor del último decenio / Diputación Provincial de Barcelona, Obras Públicas | ||
| 260 | |a Barcelona : |b (Imp. Casa Caritat), |c 1958 | ||
| 300 | |a 59 p. : |b principalment il. ; |c 20 cm | ||
| 650 | |a Barcelona. Diputació. Servei d'Obres Públiques |x Memòries |9 20110 | ||
| 901 | |a Arxiu | ||
| 942 | |n 1 |2 udc |c MON | ||
| 952 | |0 0 |1 0 |4 0 |6 C2122 |7 1 |9 41445 |a Arxiu |b Arxiu |d 2016-12-01 |l 0 |o C-2-122 |p 8261 |r 2016-12-01 00:00:00 |w 2016-12-01 |y ARXIU | ||
| 999 | |c 43252 |d 43252 | ||